| 000 | 01333nam a22003255a 4500 | ||
|---|---|---|---|
| 005 | 2009080307477.0 | ||
| 008 | 090305s2009 ii ab b 001 0 eng d | ||
| 010 | _aENG-94633 | ||
| 020 |
_a9788124114667 _c595.00 |
||
| 035 | _aEN-78166 | ||
| 037 | _aDBAD / PUB | ||
| 040 |
_adpl _bEnglish |
||
| 082 | _a954.09 | ||
| 100 | _aDas, Gautam | ||
| 245 |
_aChina-Tibet-India : _bthe 1962 war and the strategic military future / _cby Gautam Das |
||
| 260 |
_aNew Delhi _bHar-Anand Publications _c2009 |
||
| 270 |
_aE-49/3, Okhla Industrial Area, Phase-II, _bNew Delhi _e110020 |
||
| 300 |
_a340 p. : _bill. (some col.), maps ; _c23cm(Hb) |
||
| 490 | _aMilitary affairs series | ||
| 500 | _aIncludes bibliographical references and index | ||
| 650 | _aSino-Indian Border Dispute, 1957. | ||
| 651 |
_aIndia _xMilitary relations _zChina. |
||
| 651 |
_aChina _xMilitary relations _zIndia. |
||
| 651 |
_aIndia _xMilitary relations _zChina _zTibet. |
||
| 651 |
_aTibet (China) _xMilitary relations _zIndia. |
||
| 651 |
_aChina _xMilitary relations _zChina _zTibet. |
||
| 651 |
_aTibet (China) _xMilitary relations _zChina. |
||
| 942 |
_2ddc _cEN _h95409 _mDAS |
||
| 999 |
_c28890 _d28890 |
||